Target 2000 : a compact for excellence in Texas's schools (Record no. 35229)

MARC details
000 -LEADER
fixed length control field 00394nam a2200157Ia 4500
020 ## - INTERNATIONAL STANDARD BOOK NUMBER
ISBN 0934955174
100 ## - STATEMENT OF RESPONSIBILITY--MAIN AUTHOR NAME
Personal name Sergiovanni, J. Thomas
245 #0 - TITLE STATEMENT
Title Target 2000 : a compact for excellence in Texas's schools
260 ## - PUBLICATION, DISTRIBUTION, ETC. (IMPRINT)
Place of publication Texas
260 ## - PUBLICATION, DISTRIBUTION, ETC. (IMPRINT)
Name of publisher Watercress press
260 ## - PUBLICATION, DISTRIBUTION, ETC. (IMPRINT)
Year of publication 1990
300 ## - PHYSICAL DESCRIPTION
Number of Pages 99 p
942 ## - ADDED ENTRY ELEMENTS (KOHA)
Koha item type Books
Holdings
Withdrawn status Lost status Source of classification or shelving scheme Damaged status Not for loan Permanent Location Current Location Date acquired Accession Number Price effective from Koha item type
    Library of Congress Classification     NILE UNIVERSITY OF NIGERIA - MAIN LIBRARY NILE UNIVERSITY OF NIGERIA - MAIN LIBRARY 04/23/2025 0000380 04/23/2025 Books